22/23 Burnley - Statistics

General Stats
  • This quiz has been taken 13 times
    6 since last reset
  • The average score is 23 of 34
Answer Stats
# Player % Correct
19 Anass Zaroury
100%
49 Arijanet Muric
100%
14 Connor Roberts
100%
4 Jack Cork
100%
9 Jay Rodríguez
100%
8 Josh Brownhill
100%
24 Josh Cullen
100%
45 Michael Obafemi
100%
28 Ameen Al-Dakhil
80%
10 Ashley Barnes
80%
15 Bailey Peacock-Farrell
80%
3 Charlie Taylor
80%
7 Jóhann Berg Gudmundsson
80%
36 Jordan Beyer
80%
12 Lyle Foster
80%
17 Manuel Benson
80%
23 Nathan Tella
80%
26 Samuel Bastien
80%
5 Taylor Harwood-Bellis
80%
22 Vitinho
80%
6 CJ Egan-Riley
60%
27 Darko Churlinov
60%
20 Denis Franchi
60%
18 Hjalmar Ekdal
60%
29 Ian Maatsen
60%
Manager Vincent Kompany
60%
18 Ashley Westwood
40%
28 Kevin Long
40%
2 Matthew Lowton
40%
11 Scott Twine
40%
30 Halil Dervisoglu
20%
21 Luke McNally
20%
44 Dara Costolloe
0%
25 Will Norris
0%
No matching quizzes found
Score Distribution
Percent of People with Each Score
Percentile by Number Answered
Your Score History
You have not taken this quiz since the last reset